[Event "ITA-ch Seniors 34th"]
[Site "Arvier"]
[Date "2012.04.18"]
[Round "5"]
[White "Zangrando, Gianpietro"]
[Black "De Polzer, Manfredi"]
[Result "1-0"]
[WhiteElo "1780"]
[BlackElo "1692"]
[PlyCount "51"]
[EventDate "2012.04.14"]
[EventType "swiss"]
[EventRounds "9"]
[EventCountry "ITA"]
[SourceTitle "CBM 148 Extra"]
[Source "ChessBase"]
[SourceDate "2012.06.22"]
[SourceVersion "1"]
[SourceVersionDate "2012.06.22"]
[SourceQuality "1"]

1. Nf3 c5 2. c4 Nc6 3. Nc3 Nf6 4. e4 d6 5. Be2 e5 6. 0-0 Be7 7. a3 Bd7 8. d3 a6 9. Bd2 Qc8 10. Rb1 a5 11. Ne1 Nd4 12. Nc2 Nb3 13. Be1 Qb8 14. Ne3 Nd4 15. Ned5 Nxd5 16. Nxd5 Bd8 17. b4 a4 18. bxc5 dxc5 19. f4 Bc6 20. fxe5 Qxe5 21. Bg3 Nxe2+ 22. Qxe2 Qe6 23. Qf2 Bxd5 24. exd5 Qg6 25. Rfe1+ Kf8 26. Qxc5+ 1-0